Egipto: un libro pop-up lleno de juegos, enigmas y sorpresas
Salvato in:
| Autore principale: | |
|---|---|
| Natura: | Libro |
| Lingua: | spagnolo |
| Pubblicazione: |
Barcelona
Combel
2012
|
| Soggetti: | |
| Tags: |
Aggiungi Tag
Nessun Tag, puoi essere il primo ad aggiungerne!!
|
MARC
| LEADER | 00000cam a2200000 a 4500 | ||
|---|---|---|---|
| 001 | UCF1357 | ||
| 003 | CL-VaPUC | ||
| 008 | 120629e20120000SP |||||||||||||||||spa|d | ||
| 020 | |a 9788498255683 | ||
| 082 | 0 | 4 | |a 7 |b HER |2 21 |
| 100 | 0 | |a Hernández, Pau Joan |e author |9 562891 | |
| 245 | 1 | 0 | |a Egipto: un libro pop-up lleno de juegos, enigmas y sorpresas |
| 300 | |a pág. irreg | ||
| 942 | |c BK | ||
| 945 | |d 20120629 00:00:00 |a dcastane | ||
| 260 | |a Barcelona |b Combel |c 2012 | ||
| 650 | 7 | |a JUEGOS DIDACTICOS Y DE MESA |2 CL-VaPUC |9 562892 | |
| 650 | 7 | |a LIBROS RAROS |2 CL-VaPUC |9 321878 | |
| 651 | 0 | |a Egipto |9 268199 | |
| 583 | |a last modification |c 20120629 12:35:00 |k Rodrigo Vera | ||
| 999 | |c 348169 |d 348167 | ||
| 952 | |0 0 |1 0 |4 0 |6 7_000000000000000_HER_2012 |7 0 |8 C |9 450079 |a BIBCUR |b BIBCUR |d 2019-11-22 |i 4878892 |l 3 |o 7 HER 2012 |p 4878892 |r 2025-05-08 |s 2025-05-08 |w 2019-11-22 |y BK |k INF | ||